01156 2200349 4500001002100000005001500021035002000036007000300056008004100059020002200100040002200122082001700144084001900161090002300180090002200203100003400225245013600259250002600395300004900421650003800470700003300508700003800541700002800579850001200607504002500619264004400644336002100688337003000709338002300739999002200762990002200784INLIS00000000085785220210505075455 a0010-0321000875ta210326s2020 yoia g ind d a978-623-93925-1-2 aYOPDYOGbinderda04223a631.3068 a631.3068 SAN m aDEP 631.3068 SAN m aCB-D.11 2020-09890 aSandra Melly,d1973-epenulis10aManajemen mesin pertanian1 ( kajian konsep dasar manajemen mesin pertanian) /cSandra Melly, Yuni Ernita, Sri Aulia Novita, Zulnadi aCetakan pertama, 2020 avii, 138 halaman :bilustrasi, tabel ;c2020 4aPertanian, alat-alat--xManajemen0 aYuni Ernita,d1974-epenulis aSri Aulia Novita,d1979-epenulis aZulnadid1969-epenulis aYOPDYOG aTermasuk bibliografi31aSleman :bThe Journal Publishing,c2020 2rdacontentateks 2rdamediaatanpa perantara 2rdacarrieravolume aCB-D.11/2020-0989 aCB-D.11/2020-0989